| 000 | 00361nam a22001457a 4500 | ||
|---|---|---|---|
| 020 | _qPB. | ||
| 040 | _cFIZZA ISHAQ | ||
| 082 |
_a620.005 _bDAR |
||
| 100 |
_aLOGAN, L. DARYL. _989545 |
||
| 245 |
_aA FIRST CASE IN FISITE / _cDARYL L. LOGAN. |
||
| 250 | _a5th ED. | ||
| 260 |
_aNEW DEHLI ; _c2012. |
||
| 300 | _a620.005 | ||
| 942 |
_2ddc _cBK |
||
| 999 |
_c588239 _d588239 |
||